Mudhakkirati fi ṣamim al-aḥdath. (Record no. 48942)

MARC details
000 -LEADER
fixed length control field 00549cam a22002171 4500
001 - CONTROL NUMBER
control field ne 66001037
003 - CONTROL NUMBER IDENTIFIER
control field DLC
005 - DATE AND TIME OF LATEST TRANSACTION
control field 20260227111824.0
008 - FIXED-LENGTH DATA ELEMENTS--GENERAL INFORMATION
fixed length control field 890904s1965 xx 000 0 ara
010 ## - LIBRARY OF CONGRESS CONTROL NUMBER
LC control number ne 66001037
035 ## - SYSTEM CONTROL NUMBER
System control number (OCoLC)23515605
040 ## - CATALOGING SOURCE
Original cataloging agency DLC
Transcribing agency MiU
Modifying agency DLC
042 ## - AUTHENTICATION CODE
Authentication code premarc
050 00 - LIBRARY OF CONGRESS CALL NUMBER
Classification number DS79
Item number .K8
100 1# - MAIN ENTRY--PERSONAL NAME
Personal name Kubbah, Muhammad Mahdi,
Dates associated with a name 1900-
245 10 - TITLE STATEMENT
Title Mudhakkirati fi ṣamim al-aḥdath.
260 ## - PUBLICATION, DISTRIBUTION, ETC.
Date of publication, distribution, etc. [1965]
300 ## - PHYSICAL DESCRIPTION
Extent 446 p.
Dimensions 25 cm.
651 #0 - SUBJECT ADDED ENTRY--GEOGRAPHIC NAME
Geographic name Iraq
General subdivision History
651 #0 - SUBJECT ADDED ENTRY--GEOGRAPHIC NAME
Geographic name Iraq
General subdivision Politics and government

No items available.

Powered by Koha